000 00449nam a2200145 a 4500
001 000030337
005 20200930062249.0
008 110510s2004 dr a 000 0 spa d
040 _aDO-SdBNP
_bspa
_cBNPHU
082 _axxxx
_bT278a
245 0 0 _aTemas para ayudar a fortalecer la organización.
260 _aSanto Domingo :
_bCentro de Solidaridad para el Desarrollo de la Mujer:
_b049,
_c2004.
300 _a21 p. :
_bil. ;
_c28 cm.
049 _aBNPD
999 _c29829
_d29829